| Поле | Инд. | ПП | Название | Значение |
|---|---|---|---|---|
| Тип записи | a | |||
| Библиографический уровень | b | |||
| 001 | Контрольный номер | RU/IS/BASE/159902776 | ||
| 005 | Дата корректировки | 20200522190856.9 | ||
| 008 | Кодируемые данные | 20050124 | ||
| 084 | a | Индекс другой классификации/Индекс ББК | 65.30(2Рос)-80в6 | |
| 100 | 1_ | a | Автор | Бессонов В. А. |
| 245 | a | Заглавие | О динамике совокупной факторной производительности в российской переходной экономике | |
| 504 | a | Библиография | Лит. в конце статьи | |
| 520 | a | Аннотация | "Статья посвящена анализу динамики совокупной факторной производительности (СФП) в российской переходной экономике, ее основных отраслях и отраслях промышленности. Построены различные оценки динамики СФП, в том числе с учетом нагрузки основных фондов, существенно более высокой эффективности вновь вводимых фондов, отработанного времени..." | |
| 650 | a | Основная рубрика | организация производства | |
| a | Основная рубрика | экономика | ||
| a | Основная рубрика | экономика промышленности | ||
| 653 | a | Ключевые слова | макроэкономика | |
| a | Ключевые слова | межотраслевое перераспределение ресурсов | ||
| a | Ключевые слова | металлургическая промышленность | ||
| a | Ключевые слова | общественное питание | ||
| a | Ключевые слова | объем производства | ||
| a | Ключевые слова | основной капитал | ||
| a | Ключевые слова | основные фонды | ||
| a | Ключевые слова | отрасли промышленности | ||
| a | Ключевые слова | переходная экономика | ||
| a | Ключевые слова | производительность труда | ||
| a | Ключевые слова | производственные мощности | ||
| a | Ключевые слова | промышленность | ||
| a | Ключевые слова | Россия | ||
| a | Ключевые слова | сельское хозяйство | ||
| a | Ключевые слова | совокупная факторная производительность | ||
| a | Ключевые слова | строительство | ||
| a | Ключевые слова | торговля | ||
| a | Ключевые слова | транспорт | ||
| a | Ключевые слова | уровень производства | ||
| a | Ключевые слова | факторная эластичность производства | ||
| a | Ключевые слова | электроэнергетика | ||
| 773 | t | Заглавие источника | Экономический журнал ВШЭ | |
| d | Дата издания источника | 2004 | ||
| g | Прочая информация | Т. 8, № 4. - С. 542 - 586 : граф., табл., эконом. расчет. | ||
| w | Контрольный № источника | RU/IS/BASE/157478066 | ||
| 901 | t | Тип документа | b |